000
00214 a2200097 4500
001
28446
100
_a
Schwartz, S
245
_a
Integrated circuit technology
260
_a
_b
McGraw-Hill
_c
090
_c
19049
_d
19049
942
_a
NUST-CAE
_c
M
_c
10057
999
_c
263519
_d
263519